000 00570nam a2200217Ii 4500
003 JO-AjNU
008 230606s9999||||xx |||||||||||||| ||und||
020 _a978-1-285-73702-7
040 _aJO-AjNU
_beng
_erda
_cJO-AjNU
041 _aeng
050 1 4 _aQC21.3.S46.2015
100 3 _aVuile,Serway,
_eauthor
_95171
245 0 0 _aCollege physics
250 _a10 ed
264 3 1 _aAustralia:Brooks ,2012
300 _a1023p
336 _atext
_btxt
_2rdacontent
337 _aunmediated
_bn
_2rdamedia
338 _avolume
_bnc
_2rdacarrier
650 4 _aphysics
_95172
999 _aE2673
_c2671
_d2671